| 000 | 00000nam##2200000za#4500 |
| 001 | 9.580640 |
| 003 | CaOODSP |
| 005 | 20210624191133 |
| 007 | cr ||||||||||| |
| 008 | 150406|2014||||xxc|||||o f|0| 0 eng|d |
| 020 | |a978-1-100-24928-5 |
| 040 | |aCaOODSP|beng |
| 043 | |an-cn--- |
| 086 | 1 |aIu172-1/2009-2E-PDF |
| 110 | 1 |aCanada. |bIndustry Canada. |
| 245 | 10|aR&D spending and M&E investment in Canadian manufacturing industries / |h[electronic resource]|c[by] Malick Souare; Weimin Wang. |
| 260 | |aOttawa - Ontario : |bIndustry Canada |cc2014. |
| 300 | |a19p.|breferences, tables |
| 490 | 1 |aEconomic Research and Policy Analysis Branch working paper series|v2009-02 |
| 590 | |a15-11|b2015-03-13 |
| 690 | 07|aManufacturing industry|2gcpds |
| 775 | 08|tDépenses en R-D et investissements dans les M-M au sein des industries canadiennes de la fabrication / |w(CaOODSP)9.607495 |
| 830 | #0|aEconomic Research and Policy Analysis Branch working paper series ;|v2009-02|w(CaOODSP)9.507626 |
| 856 | 40|ahttp://publications.gc.ca|qPDF|s1381 KB|uhttps://publications.gc.ca/collections/collection_2015/ic/Iu172-1-2009-2-eng.pdf|y2009-02 |